|
|
|
|
| LEADER |
01204nam a22002657a 4500 |
| 001 |
39913 |
| 003 |
BD-DhAAL |
| 008 |
221030t2015 enkab 000|0|eng|d |
| 999 |
|
|
|c 44888
|d 44888
|
| 020 |
|
|
|a 9781577151326
|
| 040 |
|
|
|a BD-DhAAL
|c BD-DhAAL
|
| 082 |
|
|
|a 623.7469
|2 23
|
| 100 |
|
|
|a Juniper, Adam,
|d author.
|9 52070
|
| 245 |
|
|
|a The complete guide to drones :
|b build + choose + fly + photograph /
|c Adam Juniper.
|
| 260 |
|
|
|a New York :
|b Wellfleet Press,
|c 2016.
|
| 300 |
|
|
|a 144 pages :
|b illustrations, maps ;
|c 26 cm.
|
| 526 |
|
|
|a CSE
|
| 541 |
|
|
|a Karim International
|e 39913, 39914
|
| 650 |
|
|
|a Drone aircraft.
|9 52071
|
| 650 |
|
|
|a Drone aircraft Models.
|9 52072
|
| 650 |
|
|
|a Vehicles, Remotely piloted.
|9 52073
|
| 852 |
|
|
|a Ayesha Abed Library
|c General Stacks
|
| 942 |
|
|
|2 ddc
|c BK
|
| 952 |
|
|
|0 0
|1 0
|2 ddc
|4 0
|6 623_746900000000000_JUN
|7 0
|9 72148
|a BRACUL
|b BRACUL
|c GEN
|d 2022-10-20
|e Karim International
|g 1580.00
|l 5
|m 33
|o 623.7469 JUN
|p 3010039914
|r 2025-12-23
|s 2025-10-27
|t 2
|v 1580.00
|w 2022-10-20
|y BK
|
| 952 |
|
|
|0 0
|1 0
|2 ddc
|4 0
|6 623_746900000000000_JUN
|7 0
|9 72149
|a BRACUL
|b BRACUL
|c GEN
|d 2022-10-20
|e Karim International
|g 1580.00
|l 4
|m 34
|o 623.7469 JUN
|p 3010039913
|r 2026-02-07
|s 2025-08-20
|t 1
|v 1580.00
|w 2022-10-20
|y BK
|